Online
Catalog

Centroamerica, paso a paso / (Record no. 5824)

MARC details
000 -CABECERA
campo de control de longitud fija 00821cam a2200229 a 4500
001 - NÚMERO DE CONTROL
campo de control 000006028
005 - FECHA Y HORA DE LA ÚLTIMA TRANSACCIÓN
campo de control 20200929151906.0
008 - DATOS DE LONGITUD FIJA--INFORMACIÓN GENERAL
campo de control de longitud fija 740710s1968 sp 000 0 spa
040 ## - FUENTE DE LA CATALOGACIÓN
Centro catalogador/agencia de origen DO-SdBNP
Lengua de catalogación spa
Centro/agencia transcriptor BNHPU
082 ## - NÚMERO DE LA CLASIFICACIÓN DECIMAL DEWEY
Número de clasificación 972.8
Número de documento/Ítem M311c
100 1# - ENTRADA PRINCIPAL--NOMBRE DE PERSONA
Nombre de persona Maranon Richi, Luis,
Fechas asociadas al nombre 1935-
9 (RLIN) 16995
245 10 - MENCIÓN DE TÍTULO
Título Centroamerica, paso a paso /
Mención de responsabilidad, etc. Luis Marañon ; prefacio, José M. Pemán.
260 ## - PUBLICACIÓN, DISTRIBUCIÓN, ETC.
Lugar de publicación, distribución, etc. Madrid :
Nombre del editor, distribuidor, etc. Prensa Española,
Fecha de publicación, distribución, etc. 1968.
300 ## - DESCRIPCIÓN FÍSICA
Extensión 301 p. ;
Dimensiones 22 cm.
490 1# - MENCIÓN DE SERIE
Mención de serie Los Tres dados
500 ## - NOTA GENERAL
Nota general Incluye datos biográficos del autor en la solapa de la cubierta
651 #4 - PUNTO DE ACCESO ADICIONAL DE MATERIA--NOMBRE GEOGRÁFICO
Nombre geográfico América Central
Subdivisión general Descripciones Y Viajes
9 (RLIN) 16996
651 #4 - PUNTO DE ACCESO ADICIONAL DE MATERIA--NOMBRE GEOGRÁFICO
Nombre geográfico México
Subdivisión general Descripciones Y Viajes.
9 (RLIN) 11991
651 #4 - PUNTO DE ACCESO ADICIONAL DE MATERIA--NOMBRE GEOGRÁFICO
Nombre geográfico Colombia
Subdivisión general Descripciones Y Viajes.
9 (RLIN) 16997
700 1# - PUNTO DE ACCESO ADICIONAL--NOMBRE DE PERSONA
Nombre de persona Pemán, José M.,
Término indicativo de función/relación pref.
9 (RLIN) 16998
830 #0 - PUNTO DE ACCESO ADICIONAL DE SERIE-TÍTULO UNIFORME
Título uniforme Los Tres dados
9 (RLIN) 6832
Holdings
Estado de retiro Estado de pérdida Restricciones de uso No para préstamo Código de colección Localización permanente Ubicación/localización actual Ubicación en estantería Fecha de adquisición Número de inventario Total de préstamos Signatura topográfica completa Código de barras Fecha visto por última vez Precio válido a partir de Tipo de ítem Koha Número de copia
      Excluido de préstamo Monografías: Libros y Folletos General General Depósito 25.08.2009 LF1   972.8 M311c 6028-10 25.06.2020 25.06.2020 No se presta  
  Extraviado   Excluido de préstamo Monografías: Libros y Folletos General General Extraviado 19.04.2017 LF1   972.8 M311c 6028-20 25.06.2020 25.06.2020 No se presta e. 2

Powered by Koha